[Event "Mechanics' Winter TNM; G/2"]
[Site "San Francisco"]
[Date "2017.02.21"]
[Round "8.39"]
[White "Valente, Marty"]
[Black "Frank, Robert H"]
[Result "1-0"]
[WhiteElo "1291"]
[BlackElo "1229"]
[PlyCount "73"]
[EventDate "2017.??.??"]

1. e4 e5 2. Nf3 Nf6 3. Nxe5 d6 4. Nf3 Nxe4 5. d4 d5 6. Bd3 Bd6 7. O-O O-O 8.
Re1 Re8 9. Nbd2 Nxd2 10. Bxd2 Bg4 11. h3 Bh5 12. g4 Bg6 13. Bxg6 hxg6 14. Rxe8+
Qxe8 15. Qe1 Nd7 16. Qxe8+ Rxe8 17. Re1 Rxe1+ 18. Nxe1 f6 19. Nd3 g5 20. Kf1
Kf7 21. b3 c6 22. Ke2 Ke6 23. f4 gxf4 24. Bxf4 g5 25. Bd2 b6 26. Be1 a5 27. a4
c5 28. dxc5 Nxc5 29. Nxc5+ Bxc5 30. Kd3 Bd6 31. c3 Be5 32. Bf2 Bc7 33. c4 Kd6
34. Bg3+ Kc6 35. cxd5+ Kd7 36. Bxc7 Kxc7 37. Ke4 1-0

[Event "Mechanics' Spring TNM; G/2"]
[Site "San Francisco"]
[Date "2017.05.02"]
[Round "8.41"]
[White "Valente, Marty J"]
[Black "Allen, Tom Carter"]
[Result "1-0"]
[WhiteElo "1352"]
[BlackElo "1420"]
[PlyCount "41"]
[EventDate "2017.??.??"]

1. e4 e5 2. Nf3 Nc6 3. d4 exd4 4. Nxd4 Qh4 5. Nc3 Bb4 6. Nxc6 Qxe4+ 7. Qe2
Qxe2+ 8. Bxe2 Bxc3+ 9. bxc3 dxc6 10. O-O Nf6 11. Ba3 Nd5 12. Rfe1 Be6 13. Bb2
O-O 14. a3 Nb6 15. a4 Bc4 16. Bd3 Bd5 17. a5 Nc4 18. Bc1 Rae8 19. Rd1 Re7 20.
Bxc4 Bxc4 21. Ba3 1-0

[Event "Mechanics' Spring TNM; G/2"]
[Site "San Francisco"]
[Date "2017.04.11"]
[Round "5.29"]
[White "Valente, Marty J"]
[Black "Casares Jr, Nick"]
[Result "0-1"]
[WhiteElo "1352"]
[BlackElo "1600"]
[Annotator "Donaldson"]
[PlyCount "84"]
[EventDate "2017.??.??"]

1. e4 e5 2. Nf3 Nc6 3. d4 exd4 4. Nxd4 Bc5 5. Nb3 Bb6 6. Nc3 Qf6 7. Qe2 Nge7 8.
Be3 d6 9. O-O-O Be6 10. f3 O-O 11. Kb1 Ne5 12. Nd2 c6 13. g4 N7g6 14. g5 Qe7
15. f4 Bg4 16. Qf2 Bxd1 17. Nxd1 Ng4 18. Qg3 Nxe3 19. Nxe3 Bxe3 20. Qxe3 Rfe8
21. Bd3 f5 22. h4 d5 23. e5 Qd7 24. h5 Nf8 25. Qh3 Qf7 {Diagram [#]} 26. Bxf5
$2 (26. g6 $1 hxg6 (26... Qe7 27. gxh7+ Kh8 (27... Nxh7 28. Qxf5 Nf8 29. h6 g6
30. Qg4 Qd7 31. Qg3 Kh8 32. Nf3 {should win.})) 27. hxg6 Nxg6 28. Bxf5) 26...
g6 $2 (26... Qe7) 27. hxg6 Nxg6 28. Bxg6 Qxg6 29. Rf1 $2 (29. f5 $1) 29... Qe6
$2 (29... Qf7) 30. Qg3 (30. f5 $1 Qxe5 31. Nf3 Qc7 32. g6) 30... Qf5 31. b3 (
31. Nf3) 31... Re6 $2 (31... Rf8) 32. Nf3 c5 33. Nh2 (33. Nh4 $1 Qf7 34. f5)
33... c4 34. Kb2 (34. Ng4 $1) 34... cxb3 35. axb3 Rc8 36. Rf2 Rec6 37. Qd3 Qe6
$2 (37... Rxc2+ $1) 38. Nf1 $1 Rc3 39. Qd4 $1 Qb6 40. Qxb6 axb6 41. Rd2 $2 (41.
f5 $1) 41... Rf3 42. Rd4 $2 Rxf1 0-1

[Event "Mechanics' Spring TNM; G/2"]
[Site "San Francisco"]
[Date "2017.04.25"]
[Round "7.39"]
[White "Valente, Marty J"]
[Black "Chan, John"]
[Result "0-1"]
[WhiteElo "1352"]
[BlackElo "1551"]
[PlyCount "52"]
[EventDate "2017.??.??"]

1. e4 e6 2. d4 d5 3. Nc3 Nf6 4. e5 Nfd7 5. Nf3 h6 6. a3 a6 7. Be3 b6 8. Na2 c5
9. c4 Bb7 10. Be2 dxc4 11. Bxc4 b5 12. Be2 c4 13. O-O Be7 14. Rc1 Bd5 15. Nc3
Nb6 16. Nd2 Nc6 17. Bf3 Rc8 18. Bxd5 Nxd5 19. Nxd5 Qxd5 20. Qg4 g5 21. f4 h5
22. Qg3 Nxd4 23. Qf2 Nf5 24. fxg5 Rh7 25. Qf3 Nxe3 26. Qxe3 Bc5 0-1

[Event "Mechanics' Summer TNM; G/2 d5"]
[Site "San Francisco"]
[Date "2017.06.13"]
[Round "4.35"]
[White "Valente, Marty J"]
[Black "Eastham, Asher"]
[Result "1-0"]
[WhiteElo "1334"]
[BlackElo "1582"]
[Annotator "Winslow"]
[PlyCount "107"]
[EventDate "2017.??.??"]

1. e4 e5 2. Nf3 Nc6 3. d4 exd4 4. Nxd4 Bc5 5. Be3 Bb6 6. Nc3 d6 7. Qd2 Nf6 8.
f3 O-O 9. O-O-O Nxd4 10. Bxd4 Be6 11. Kb1 c6 12. Bxf6 Qxf6 13. Qxd6 Rfd8 14.
Qg3 Rxd1+ 15. Nxd1 Rd8 16. Bd3 Qd4 17. Qe1 Bc7 18. Qc3 Qd7 19. Ne3 f6 20. Bc4
Kh8 21. Bxe6 Qxe6 22. Ng4 Qd7 23. a3 b6 24. h4 c5 25. h5 Qd2 26. Qxd2 Rxd2 27.
Rg1 Bf4 28. h6 Bxh6 29. Nxh6 gxh6 30. Kc1 Rd7 31. Rd1 Rxd1+ 32. Kxd1 Kg7 33.
Ke2 Kg6 34. f4 Kf7 35. Kd3 b5 36. b4 cxb4 37. axb4 Ke6 38. Kd4 Kd6 39. e5+
fxe5+ 40. fxe5+ Ke6 41. Ke4 h5 42. g3 a6 43. c3 h6 44. Kf4 h4 45. gxh4 h5 46.
Ke4 Ke7 47. Kf5 Kf7 48. e6+ Ke7 49. Ke5 Ke8 50. Kf6 Kf8 51. Kg6 (51. e7+ Ke8
52. Ke6 a5 53. bxa5 b4 54. a6) 51... Ke7 52. Kxh5 Kxe6 53. Kg6 Ke7 54. Kg7 1-0

[Event "Mechanics' Spring TNM; G/2"]
[Site "San Francisco"]
[Date "2017.03.21"]
[Round "2.26"]
[White "Valente, Marty J"]
[Black "Handler, Andrew"]
[Result "1/2-1/2"]
[WhiteElo "1352"]
[BlackElo "1817"]
[Annotator "Donaldson"]
[PlyCount "90"]
[EventDate "2017.??.??"]

1. e4 c5 2. Nf3 Nc6 3. d4 cxd4 4. Nxd4 g6 5. Nc3 Bg7 6. Be3 Nf6 7. Bc4 O-O 8.
O-O Nxe4 9. Nxe4 d5 10. Nxc6 bxc6 11. Bb3 $6 (11. Bd3) 11... dxe4 12. c3 Ba6
13. Re1 Qxd1 $6 (13... Qc7) 14. Raxd1 Bd3 15. f3 Rfd8 16. fxe4 Bxe4 17. Rxd8+
Rxd8 18. Bxa7 Rd7 19. Bc5 Bf5 20. Rxe7 Rxe7 21. Bxe7 Be5 22. a4 Bc7 23. Bc5 Bd3
24. g3 Kg7 25. Kf2 f5 26. Ke3 Ba6 27. Bc2 Kf7 28. b4 Ke6 29. Bd3 Bxd3 30. Kxd3
g5 31. a5 Kd7 32. a6 Kc8 33. a7 Kb7 34. c4 f4 35. gxf4 Bxf4 36. h3 h5 37. b5
cxb5 38. cxb5 g4 39. hxg4 hxg4 40. b6 g3 41. Bg1 Bd6 42. Ke2 Bb4 43. Kf3 Ba5
44. Kxg3 Bxb6 45. Bxb6 Ka8 1/2-1/2

[Event "Mechanics' Peter Grey TNM; G/2 d5"]
[Site "San Francisco"]
[Date "2017.08.08"]
[Round "1.25"]
[White "Valente, Marty J"]
[Black "Kuczek, Kevin W"]
[Result "0-1"]
[WhiteElo "1311"]
[BlackElo "1826"]
[PlyCount "54"]
[EventDate "2017.??.??"]

1. e4 e5 2. Nf3 Nc6 3. d4 exd4 4. Nxd4 Nf6 5. Nc3 Bb4 6. Nxc6 Bxc3+ 7. bxc3
bxc6 8. Bd3 Qe7 9. Qe2 O-O 10. O-O Re8 11. Bg5 d5 12. Bxf6 Qxf6 13. Qe1 dxe4
14. f3 e3 15. Kh1 Bf5 16. Qe2 Rad8 17. Rad1 Bxd3 18. Rxd3 Rxd3 19. Qxd3 Qe7 20.
Re1 Rd8 21. Qe4 Qxe4 22. fxe4 e2 23. Kg1 Rd2 24. Kf2 Rxc2 25. Rxe2 Rxc3 26. Rd2
Kf8 27. Ke2 Ke7 0-1

[Event "Mechanics' Summer TNM; G/2 d5"]
[Site "San Francisco"]
[Date "2017.07.11"]
[Round "7.38"]
[White "Valente, Marty J"]
[Black "Sachs-Weintraub, Julian"]
[Result "0-1"]
[WhiteElo "1334"]
[BlackElo "1516"]
[PlyCount "106"]
[EventDate "2017.??.??"]

1. e4 c6 2. d4 d5 3. exd5 cxd5 4. Nf3 Nc6 5. Bb5 Nf6 6. Nc3 e6 7. O-O Bd6 8. h3
O-O 9. Be3 Re8 10. Qd2 a6 11. Bxc6 bxc6 12. Bf4 Bxf4 13. Qxf4 Nd7 14. Rfe1 h6
15. Ne5 Nxe5 16. Qxe5 f6 17. Qg3 Qb6 18. Ne2 Qxb2 19. Qb3 Qxb3 20. axb3 e5 21.
Nc3 Bf5 22. dxe5 fxe5 23. Ra2 Re6 24. Na4 e4 25. c3 Rg6 26. Kh2 Rb8 27. Nc5 Bc8
28. b4 Ra8 29. Rea1 Rf6 30. Kg1 Rg6 31. Kf1 Rf6 32. Ke2 Rg6 33. Kf1 Rd6 34.
Nxa6 Be6 35. Nc7 Rxa2 36. Rxa2 Bf7 37. Ra8+ Kh7 38. Na6 d4 39. cxd4 Rxd4 40.
Ke2 Bd5 41. Rf8 Bc4+ 42. Ke3 Rd3+ 43. Kxe4 Bxa6 44. Rf3 Rd8 45. Rc3 Bb5 46. f4
Re8+ 47. Kf3 Kg6 48. g4 Ra8 49. h4 Ra4 50. Rb3 Bc4 51. Rb2 Ra3+ 52. Kg2 Bd5+
53. Kg1 Rg3+ 0-1

[Event "Mechanics' Peter Grey TNM; G/2 d5"]
[Site "San Francisco"]
[Date "2017.09.26"]
[Round "8.8"]
[White "Vickers, Keith"]
[Black "Argo, Guy"]
[Result "1-0"]
[WhiteElo "2200"]
[BlackElo "1969"]
[Annotator "Donaldson"]
[PlyCount "77"]
[EventDate "2017.??.??"]

1. d4 e6 2. Nf3 f5 3. Bf4 Nf6 4. e3 Be7 5. h3 d6 6. Be2 c5 7. O-O cxd4 8. exd4
O-O 9. c4 Qb6 10. Nc3 Ne4 11. Qc2 Nc6 12. Rad1 Nxd4 $2 13. Nxd4 Nxc3 14. Qxc3
Bf6 15. Be3 f4 16. Bxf4 e5 17. Be3 exd4 18. Bxd4 Qc7 19. Bxf6 Rxf6 20. Rd4 Bd7
21. Bf3 Raf8 22. Bd5+ Kh8 23. h4 Bc8 24. Qe3 Qd7 25. Re4 b6 26. b3 Rh6 27. Re1
Qf5 28. g3 (28. Rf4) 28... Rhf6 29. Rf4 Qg6 30. Rxf6 Qxf6 31. f4 Bg4 32. Bf3
Bd7 33. Qe7 Qxe7 34. Rxe7 Rd8 35. Bd5 h6 36. Kf2 Kh7 37. h5 a5 38. Ke3 Bg4 39.
Bf7 1-0

[Event "Mechanics' Fall TNM; G/2 d5"]
[Site "San Francisco"]
[Date "2017.12.12"]
[Round "8.14"]
[White "Vickers, Keith"]
[Black "Ash, Richard D"]
[Result "1-0"]
[WhiteElo "2200"]
[BlackElo "1758"]
[Annotator "Donaldson"]
[PlyCount "133"]
[EventDate "2017.??.??"]

1. Nc3 e5 2. Nf3 Nc6 3. d4 exd4 4. Nxd4 Bc5 5. Be3 Bxd4 6. Bxd4 Nf6 7. g3 O-O
8. Bg2 d6 9. O-O Re8 10. Bxf6 Qxf6 11. Nd5 Qd8 12. Qd2 Ne5 13. c4 c6 14. Ne3
Be6 15. Rac1 Ng4 16. Nxg4 Bxg4 17. e4 Qe7 18. f3 Be6 19. Rfd1 Rad8 20. f4 f6
21. b3 Bg4 22. Re1 Qd7 23. Rc3 Bh3 24. Bh1 f5 25. Rce3 fxe4 26. Rxe4 Rxe4 27.
Rxe4 Qf7 (27... Re8 $11) 28. Qe2 Kf8 29. g4 Qg6 30. Bf3 h5 31. g5 Bg4 32. Bxg4
hxg4 33. Re6 Qf5 34. Qe4 Qxe4 35. Rxe4 Kf7 36. f5 d5 37. Rd4 Re8 38. cxd5 cxd5
39. Kf2 $2 (39. Rxd5 Re2 40. Rd7+ Kf8 41. a3 $16) 39... Re5 40. Kg3 Rxf5 41.
Kxg4 Kg6 (41... Re5 $11) 42. h4 Rf2 43. h5+ Kh7 44. a4 Rg2+ 45. Kf5 Rh2 46.
Rxd5 Rxh5 47. Rd7 Rh3 48. Rxb7 Rf3+ 49. Ke4 Rg3 50. Kf4 Rd3 51. b4 Rd4+ 52. Ke5
Rg4 53. Kf5 Rd4 54. a5 Rd5+ 55. Ke6 Rxg5 56. Rxa7 Rb5 57. a6 Rxb4 58. Rb7 Ra4
59. a7 Kh6 60. Kd5 g5 61. Kc5 {Diagram [#]} g4 $4 (61... Ra2 {
Black could have drawn with}) (61... Ra3) (61... Ra1 {or}) (61... Kh5) 62. Kb5
Ra1 63. Rb6+ Kh5 64. Ra6 Rb1+ 65. Kc4 Rc1+ 66. Kd3 g3 (66... Rc8 67. a8=Q Rxa8
68. Rxa8 Kh4 69. Ke2 g3 70. Rg8 Kh3 71. Kf3) 67. a8=Q 1-0

[Event "Mechanics' Summer TNM; G/2 d5"]
[Site "San Francisco"]
[Date "2017.06.20"]
[Round "5.12"]
[White "Vickers, Keith"]
[Black "Clemens, Kristian"]
[Result "1/2-1/2"]
[WhiteElo "2200"]
[BlackElo "1833"]
[Annotator "Winslow,E"]
[PlyCount "72"]
[EventDate "2017.??.??"]

1. d4 d5 2. Bf4 Nf6 3. e3 c5 4. c3 Nc6 5. Nd2 e6 6. Ngf3 Be7 7. Bd3 O-O 8. Ne5
Qb6 9. Rb1 Bd7 10. h4 cxd4 11. exd4 Rad8 (11... Rfd8 {
(8.h4 Qb6 9.Rb1 Bd7 10. Ne5)} 12. Qe2 Nxe5 13. Bxe5 a6 14. Nf3 Bb5 15. Bxf6
Bxf6 16. Ng5 h6 17. Nf3 {
1/2-1/2 (17) Nordlund,J (2123)-Kauranen,M (2120) Finland 2015}) 12. g4 Nxe5 13.
Bxe5 (13. dxe5 $142 Ne4 14. Nxe4 dxe4 15. Bxe4 Bc5 16. Qc2 f5 $1 17. gxf5 exf5
18. Bd5+ Kh8 19. Rh2 Qg6 {was a wide-ranging line from Stockfish!}) 13... Bb5
14. Bc2 $6 (14. Bxf6 Bxf6 15. Nf3 Be7 16. h5 f6 {
It's still Black who leans, what with White's king lacking a solid home}) 14...
Nd7 $6 (14... Ne4 $1 15. Nxe4 dxe4 16. Bxe4 f6 17. g5 $1 (17. Bg3 f5) 17...
fxe5 $4 (17... g6 $11) (17... h6 $11) 18. Bxh7+ $18 {leads to mate, even after}
Kh8) 15. Bf4 {[#]} e5 $1 16. dxe5 $6 (16. Bxe5 Nxe5 17. dxe5 f6 $1) (16. a4 $1
Ba6 $1 17. b4 $1 exf4 18. b5 $17 {
is Stockfish putting up the good computer fight}) 16... Bc5 {Black is winning}
17. Rh2 (17. Bg3 Nxe5 {crossfire hurricane}) (17. Qf3 Rfe8 18. Qg3 Nxe5 19.
Bxe5 Rxe5+ 20. Qxe5 Re8 21. Qxe8+ Bxe8 $19) 17... Rfe8 18. Nf3 f6 $6 {
Letting White have his kicks!} ({
There were many stronger moves, but one stands above the rest --} 18... Qf6 $1
19. Qd2 Nxe5 20. Nxe5 Rxe5+ 21. Bxe5 Qxe5+ 22. Kd1 Qxh2 {-- woops!}) 19. Qxd5+
Kh8 20. Qe4 {[#]} g6 $2 {Black still gets to make life rough for White, but
there was a much better way to do that:} (20... f5 $3 $19 21. Qxf5 (21. gxf5
Nf6 22. exf6 Rxe4+ 23. Bxe4 gxf6) 21... g6 {with tempo!}) 21. h5 Bc6 $1 (21...
f5 22. gxf5 Nf6 23. hxg6 $1 Nxe4 24. Bxe4 {is, amazingly, turning into a draw!
(i.e. when Stockfish has Black's top four moves evaluated as "0.00"...)}) 22.
Qe2 Bxf3 $6 (22... g5 $1 23. Bg3 Bxf3 24. Qxf3 Nxe5 25. Bxe5 {
and now Black "replaces" his white-squared bishop:} Qa6 $1 26. c4 Rxe5+ 27. Kf1
Rd2 $1 ({better than} 27... Qxc4+ 28. Kg2) 28. Bf5 (28. Bd3 Qd6 $1 29. b4 Rxd3
30. bxc5 Qd4 31. Qxf6+ Kg8 {and I'm waiting on a defense for White...}) 28...
Qxc4+ 29. Kg1 Rxb2 {Black doesn't let up}) 23. Qxf3 Nxe5 24. Bxe5 Rxe5+ 25. Kf1
gxh5 $2 (25... Rd2 $11) 26. Rd1 $2 (26. b4 $1 $16 {
Finally a chance to push that bishop away} Qa6+ (26... Bf8 27. Bf5) 27. Kg1 Bf8
28. Rxh5 $1 (28. a4) (28. Bf5) 28... Rxh5 29. gxh5 {
has White holding onto something}) 26... Rxd1+ 27. Qxd1 (27. Bxd1 hxg4) 27...
Qxb2 28. f4 $6 Re7 $4 {[#]} (28... Qb5+ 29. Qd3 (29. Bd3 Rd5 $17) (29. Re2
Qxe2+ $17) (29. Kg2 Qc6+ $19) 29... Qxd3+ $11) (28... Re3) (28... Re6) (28...
Re8) 29. Rxh5 $2 (29. Bb3 $3 {Door slammer!} Qxh2 30. Qd8+ Kg7 31. Qg8+ Kh6 32.
g5+ {mate next!}) 29... Qb5+ 30. Qd3 Qxd3+ 31. Bxd3 {Ah, with just the sort of
boring position one gets from the London system... <cough>} Bd6 32. g5 Bxf4 $6
(32... fxg5 33. fxg5 Kg8) 33. gxf6 Rf7 34. Rf5 Bh6 35. Rh5 Bf8 36. Ke2 h6 {
Agreed drawn, although frankly that pawn on f6 would make me nervous as Black..
.} 1/2-1/2

[Event "Mechanics' Spring TNM; G/2"]
[Site "San Francisco"]
[Date "2017.03.14"]
[Round "1.5"]
[White "Vickers, Keith"]
[Black "Hack, Richard"]
[Result "1-0"]
[WhiteElo "2200"]
[BlackElo "1599"]
[PlyCount "87"]
[EventDate "2017.??.??"]

1. f4 f5 2. Nf3 Nf6 3. e3 Nc6 4. b3 e6 5. Bb2 Be7 6. Be2 b6 7. c4 Bb7 8. Nc3 d6
9. d4 O-O 10. O-O Qe8 11. Ng5 Bd8 12. e4 fxe4 13. Ncxe4 Nxe4 14. Nxe4 Ne7 15.
Bf3 Rb8 16. Ng5 Bxf3 17. Rxf3 Ng6 18. Nh3 Nh4 19. Rf2 Nf5 20. Re2 Bf6 21. Qd2
Qf7 22. Rae1 Rbe8 23. Ng5 Bxg5 24. fxg5 d5 25. Ba3 Nd6 26. Bxd6 cxd6 27. cxd5
exd5 28. Rf2 Rxe1+ 29. Qxe1 Qxf2+ 30. Qxf2 Rxf2 31. Kxf2 Kf7 32. Kf3 Ke6 33. g6
hxg6 34. Kf4 Kf6 35. h4 b5 36. b4 a6 37. g3 g5+ 38. hxg5+ Kg6 39. Kg4 Kf7 40.
Kh5 Ke7 41. Kg6 Kf8 42. Kh7 Kf7 43. g6+ Kf6 44. g4 1-0

[Event "Mechanics' Spring TNM; G/2"]
[Site "San Francisco"]
[Date "2017.03.28"]
[Round "3.17"]
[White "Vickers, Keith"]
[Black "Kanis, Sierk"]
[Result "1-0"]
[WhiteElo "2200"]
[BlackElo "1897"]
[PlyCount "69"]
[EventDate "2017.??.??"]

1. d4 Nf6 2. Nf3 g6 3. Nc3 Bg7 4. e4 d6 5. Bd3 O-O 6. Bg5 Nbd7 7. e5 Ne8 8.
exd6 cxd6 9. Qd2 Bh8 10. Bh6 Ng7 11. O-O-O a6 12. g4 b5 13. Rhg1 Bb7 14. Be4
Bxe4 15. Nxe4 Qc7 16. Kb1 Rfc8 17. h4 Nb6 18. h5 Nc4 19. Qd3 Ne8 20. hxg6 hxg6
21. Rh1 Nf6 22. Nxf6+ Bxf6 23. Ne1 e5 24. Qh3 exd4 25. g5 Bh8 26. Bf8 Kxf8 27.
Qxh8+ Ke7 28. Qf6+ Kd7 29. Qxf7+ Kc6 30. Qxg6 Rg8 31. Qe4+ d5 32. Qxd4 Qe5 33.
Rh6+ Kb7 34. Qxe5 Nxe5 35. f4 1-0

[Event "Mechanics' Spring TNM; G/2"]
[Site "San Francisco"]
[Date "2017.04.18"]
[Round "6.8"]
[White "Vickers, Keith"]
[Black "Kondakov, Adrian"]
[Result "1/2-1/2"]
[WhiteElo "2200"]
[BlackElo "1921"]
[PlyCount "49"]
[EventDate "2017.??.??"]

1. d4 Nf6 2. Nf3 g6 3. Nc3 d5 4. Bf4 Bg7 5. e3 e6 6. Be2 c5 7. Nb5 Na6 8. Nd6+
Ke7 9. O-O Nh5 10. Bxa6 bxa6 11. Nxc8+ Rxc8 12. c3 Nxf4 13. exf4 Qb6 14. Qa4
cxd4 15. cxd4 Rc4 16. Qa3+ Qd6 17. Qe3 Rhc8 18. Rac1 Qc7 19. Rxc4 Qxc4 20. Qa3+
Ke8 21. b3 Qd3 22. Qa4+ Qb5 23. Qa3 Qd3 24. Qa4+ Qb5 25. Qa3 1/2-1/2

[Event "Mechanics' Peter Grey TNM; G/2 d5"]
[Site "San Francisco"]
[Date "2017.09.12"]
[Round "6.20"]
[White "Vickers, Keith"]
[Black "MacIntyre, Brendan"]
[Result "1-0"]
[WhiteElo "2200"]
[BlackElo "1519"]
[Annotator "Donaldson"]
[PlyCount "89"]
[EventDate "2017.??.??"]

1. d4 d5 2. Bf4 Nf6 3. e3 Bf5 4. c4 c6 5. Nc3 e6 6. Qb3 Qb6 7. c5 Qxb3 8. axb3
Be7 9. b4 Nbd7 10. b5 O-O 11. bxc6 bxc6 12. Ba6 Nxc5 $2 (12... e5 $1 13. Bg3
Rfb8) 13. dxc5 Bxc5 14. Bb7 (14. Nf3) 14... Rab8 15. Bxb8 Rxb8 16. Bxc6 Rxb2
17. Nge2 Bd3 18. Ra2 Rxa2 19. Nxa2 Ne4 20. f3 Nd6 21. Nec1 Ba6 22. e4 dxe4 23.
Bxe4 Nxe4 24. fxe4 Bb7 25. Nd3 Bb6 26. Nf2 f5 27. O-O fxe4 28. Kh1 e3 29. Nd3
Ba5 30. Nac1 Ba6 31. Rd1 Bd2 32. Nf4 e5 33. Nfe2 Bc4 34. Rf1 a5 (34... Bxc1 35.
Rxc1 Bxe2 36. Rc3 e4 37. Rxe3 Bd3) 35. Rf5 e4 36. Re5 Bd3 37. Rd5 Bc4 38. Rd4
Bb5 39. Rxe4 a4 40. Re7 a3 41. Ra7 Bb4 42. Rb7 Bxe2 43. Nxe2 Bc5 44. g3 a2 45.
Rb8+ 1-0

[Event "Mechanics' Spring TNM; G/2"]
[Site "San Francisco"]
[Date "2017.04.25"]
[Round "7.6"]
[White "Vickers, Keith"]
[Black "Maser, Thomas F"]
[Result "1-0"]
[WhiteElo "2200"]
[BlackElo "1920"]
[Annotator "Donaldson"]
[PlyCount "49"]
[EventDate "2017.??.??"]

1. d4 Nf6 2. Nf3 e6 3. Bf4 d5 4. e3 Bd6 5. Bg3 O-O 6. Nbd2 b6 7. c3 Bb7 8. Bd3
c5 9. O-O Bxg3 10. hxg3 Nbd7 11. Ne5 Ne4 12. Nxe4 Nxe5 13. Nxc5 bxc5 14. dxe5
Qg5 (14... Qc7) 15. f4 Qxg3 16. Rf3 Qg4 {Diagram [#]} 17. Bxh7+ $1 Kxh7 18.
Rh3+ Qxh3 19. gxh3 Rfd8 20. Kf2 Rd7 21. Qh5+ Kg8 22. Rg1 d4 23. exd4 cxd4 24.
Qh6 g6 25. Rg4 1-0

[Event "Mechanics' Fall TNM; G/2 d5"]
[Site "San Francisco"]
[Date "2017.11.28"]
[Round "6.13"]
[White "Vickers, Keith"]
[Black "McKellar, Daniel"]
[Result "1-0"]
[WhiteElo "2200"]
[BlackElo "1810"]
[PlyCount "108"]
[EventDate "2017.??.??"]

1. d4 d5 2. Bf4 Nf6 3. e3 c5 4. c3 Nc6 5. Nf3 Qb6 6. Qb3 c4 7. Qxb6 axb6 8.
Nbd2 Bf5 9. a3 h6 10. Be2 e6 11. h3 Be7 12. Rc1 b5 13. O-O O-O 14. Ne5 Nxe5 15.
Bxe5 Nd7 16. Bh2 Nb6 17. Bd1 Bg5 18. Nf3 Be7 19. Bc2 Bxc2 20. Rxc2 Nd7 21. Re2
f5 22. Nd2 Bf6 23. Bd6 Rfe8 24. f4 Be7 25. Bxe7 Rxe7 26. g4 Nf6 27. Rg2 Rf8 28.
Nf3 Nd7 29. g5 hxg5 30. Rxg5 Rf6 31. Kh2 Kh7 32. Rfg1 Rh6 33. Ne5 Nxe5 34. dxe5
g6 35. Ra1 Kg8 36. a4 bxa4 37. Rxa4 Kf7 38. Rb4 Rh5 39. Rxh5 gxh5 40. Kg3 Kg6
41. Rb6 Kh7 42. Kh4 Kh6 43. Rd6 Kg6 44. Rd8 Kh7 45. Rf8 Kg7 46. Rf6 Re8 47. Kg5
h4 48. Kxh4 Rh8+ 49. Kg5 Rxh3 50. Rxe6 Rxe3 51. Kxf5 Kf8 52. Rb6 d4 53. cxd4
Rd3 54. Ke4 Rb3 1-0

[Event "Mechanics' Summer TNM; G/2 d5"]
[Site "San Francisco"]
[Date "2017.07.11"]
[Round "7.13"]
[White "Vickers, Keith"]
[Black "McKellar, Daniel"]
[Result "0-1"]
[WhiteElo "2200"]
[BlackElo "1740"]
[PlyCount "42"]
[EventDate "2017.??.??"]

1. d4 d5 2. Bf4 c5 3. e3 Nc6 4. c3 Nf6 5. Nd2 Bf5 6. Ngf3 c4 7. h3 e6 8. Nh4
Bd6 9. Nxf5 exf5 10. Qf3 Bxf4 11. Qxf4 Ne7 12. Be2 Ne4 13. Nf3 Qb6 14. b3 Nxc3
15. Nd2 cxb3 16. axb3 Qb4 17. f3 O-O 18. Bd3 Rfe8 19. g4 Ng6 20. Qxf5 Rxe3+ 21.
Kf1 Qxd4 0-1

[Event "Mechanics' Summer TNM; G/2 d5"]
[Site "San Francisco"]
[Date "2017.05.23"]
[Round "1.7"]
[White "Vickers, Keith"]
[Black "Morgan, Jerry D"]
[Result "1-0"]
[WhiteElo "2200"]
[BlackElo "1577"]
[PlyCount "71"]
[EventDate "2017.??.??"]

1. d4 d5 2. Bf4 c6 3. e3 Qb6 4. Qc1 Bf5 5. Nf3 Nd7 6. Be2 Ngf6 7. h3 e6 8. Nbd2
c5 9. O-O Bd6 10. Bxd6 Qxd6 11. b3 cxd4 12. exd4 O-O 13. c4 Rfc8 14. Qb2 a6 15.
c5 Qf4 16. b4 b5 17. a4 Qh6 18. axb5 Bxh3 19. gxh3 Qxh3 20. Nh2 h5 21. Qb3 Qh4
22. Ndf3 Qe4 23. Qe3 Qg6+ 24. Kh1 Ng4 25. Nxg4 Qxg4 26. bxa6 Nf6 27. Nh2 Qh4
28. b5 Ne4 29. b6 Rf8 30. Bf3 Ng5 31. Bg2 f5 32. Qg3 Qxg3 33. fxg3 Ne4 34. Bxe4
fxe4 35. Rxf8+ Rxf8 36. a7 1-0

[Event "Mechanics' Peter Grey TNM; G/2 d5"]
[Site "San Francisco"]
[Date "2017.08.15"]
[Round "2.4"]
[White "Vickers, Keith"]
[Black "Newey, Richard Her"]
[Result "0-1"]
[WhiteElo "2200"]
[BlackElo "1755"]
[Annotator "Donaldson"]
[PlyCount "78"]
[EventDate "2017.??.??"]

1. d4 d5 2. Nf3 Nf6 3. e3 a6 4. Bd3 Bg4 5. Nbd2 e6 6. c4 Nbd7 7. O-O c6 8. Re1
Bd6 9. e4 dxe4 10. Nxe4 Nxe4 11. Bxe4 Nf6 12. Bc2 Qc7 13. h3 Bh5 14. Qd3 Bg6
15. Qe2 Bxc2 16. Qxc2 Rc8 (16... O-O 17. Bg5 Be7) 17. Bg5 Be7 18. Qd2 O-O 19.
Rad1 Rfd8 20. Qe3 b5 21. b3 bxc4 22. bxc4 Qa5 (22... c5 $2 23. d5) (22... Rb8)
23. Ne5 Ng4 24. hxg4 Bxg5 25. Qxg5 f6 26. Qf4 fxe5 27. Qxe5 Qxe5 28. Rxe5 (28.
dxe5) 28... Kf7 29. Rc5 Ke7 30. f3 Rd6 31. Rb1 Rxd4 32. Rb7+ Kf6 33. Rb6 Rd2
34. Rxa6 $2 {Diagram [#]} (34. a4 Ra2 35. Rxa6 Rd8 36. g5+ Ke7 37. Rcxc6 Rdd2
38. Ra7+ Kd8 39. Kh2 Rxg2+ 40. Kh3) 34... Rb8 $1 35. Rcxc6 Rbb2 36. Rxe6+ Kg5
37. Rad6 (37. Ra5+ Kf4 38. Kh1 Rxg2 39. Rh5 Kxf3 40. Rf5+ Kxg4 41. Rf7) 37...
Rxg2+ 38. Kf1 (38. Kh1) 38... Kf4 39. Rd1 Kg3 0-1

[Event "Mechanics' Peter Grey TNM; G/2 d5"]
[Site "San Francisco"]
[Date "2017.08.29"]
[Round "4.8"]
[White "Vickers, Keith"]
[Black "Porlares, Teodoro"]
[Result "1/2-1/2"]
[WhiteElo "2200"]
[BlackElo "1861"]
[PlyCount "105"]
[EventDate "2017.??.??"]

1. Nf3 Nf6 2. g3 g6 3. Bg2 Bg7 4. O-O O-O 5. d3 d5 6. Nbd2 c6 7. e4 Na6 8. Qe2
dxe4 9. dxe4 h6 10. Nb3 Bg4 11. h3 Be6 12. Nfd4 Bd7 13. e5 Nd5 14. e6 Bc8 15.
exf7+ Rxf7 16. Ne6 Bxe6 17. Qxe6 Nf6 18. Bf4 Qd7 19. Qxd7 Nxd7 20. Rad1 Nb6 21.
c3 e5 22. Bc1 Raf8 23. Rd6 g5 24. Be4 Rf6 25. Rxf6 Bxf6 26. Rd1 Be7 27. Kg2 Nc5
28. Nxc5 Bxc5 29. f3 Kg7 30. b3 Rf7 31. Kf1 Nd7 32. Ke2 Nf6 33. Be3 Nxe4 34.
fxe4 Bxe3 35. Kxe3 h5 36. g4 hxg4 37. hxg4 a6 38. Rd6 Rf4 39. Re6 Rxg4 40. Rxe5
Kf6 41. Rf5+ Ke6 42. Kf3 Rg1 43. Kf2 Ra1 44. Ra5 Rc1 45. c4 Rc2+ 46. Kf3 Kf6
47. Kg4 Re2 48. Kf3 Rc2 49. Kg4 Rf2 50. e5+ Kg6 51. e6 Kf6 {Diagram [#]} 52.
Re5 $1 Rf4+ 53. Kg3 1/2-1/2